| 000 | 00638nam a2200181 i 4500 | ||
|---|---|---|---|
| 001 | 81803 | ||
| 003 | ES-MaACL | ||
| 005 | 20250407063104.0 | ||
| 007 | t| | ||
| 008 | 041108q1955 sp ||||1| spa d | ||
| 100 | 1 |
_aIbáñez de Ibero, Carlos, _cMarqués de Mulhacén, _d1888-1966 _9151481 |
|
| 245 | 1 | 0 |
_aAnteproyecto para la fundación de un Instituto de Estudios Mediterráneos / _cMarqués de Mulhacén. |
| 260 |
_a[S.l. : _bs.n., _c1955?] ( _fE.M.A.) |
||
| 300 |
_a23 p. ; _c21 cm. |
||
| 610 | 2 | 4 |
_aInstituto de Estudios Mediterraneos (Barcelona) _9151482 |
| 852 |
_aES-MaACL _j2005-F-2 _bR.37894 |
||
| 999 |
_c81803 _d81803 |
||